El cultivo del maiz

Salvato in:
Dettagli Bibliografici
Autori principali: Paratori B., Orlando (autor), Altamirano S., Silvia (Autore)
Natura: Libro
Lingua:spagnolo
Pubblicazione: Santiago INIA 1995
Soggetti:
Tags: Aggiungi Tag
Nessun Tag, puoi essere il primo ad aggiungerne!!

MARC

LEADER 00000nam a2200000 a 4500
001 UCI7303
003 CL-VaPUC
008 080619e19950000CL |||||||||||||||||spa|d
020 |a 9567016046 
082 0 4 |a 633.15  |b PAR  |2 21 
100 |a Paratori B., Orlando  |e autor  |9 530504 
700 0 |a Altamirano S., Silvia  |e author  |9 530505 
245 1 3 |a El cultivo del maiz 
300 |a 173 p 
942 |c BK 
945 |d 20080619 00:00:00  |a jtorresc 
260 |a Santiago  |b INIA  |c 1995 
650 0 |a Maíz  |9 264672 
650 0 |a Cultivo del maíz  |9 404857 
650 7 |a PRODUCCION DE SEMILLAS  |2 CL-VaPUC  |9 530506 
650 0 |a Comercialización   |9 259326 
650 0 |a Desarrollo vegetal  |9 338112 
650 0 |a Germinación  |9 316434 
650 0 |a Floración  |9 264872 
650 0 |a Fertilización   |9 259681 
650 0 |a Riego  |9 259685 
583 |a last modification  |c 20080619 00:00:00  |k Rodrigo Vera 
999 |c 330626  |d 330624 
952 |0 0  |1 0  |4 0  |6 633_150000000000000_PAR_1995  |7 0  |8 A  |9 416266  |a BIBAGR  |b BIBAGR  |d 2019-11-22  |i 4450744  |o 633.15 PAR 1995  |p 4450744  |r 2025-01-20  |w 2019-11-22  |y BK  |k AGR 
952 |0 0  |1 0  |4 0  |6 633_150000000000000_PAR_1995  |7 0  |8 A  |9 416267  |a BIBAGR  |b BIBAGR  |d 2019-11-22  |i 4450752  |l 2  |m 1  |o 633.15 PAR 1995  |p 4450752  |r 2025-01-20  |s 2023-06-07  |w 2019-11-22  |y BK  |k AGR